Functional hemisphere asymmetry, inter-hemispheric transfer of information in high and low emotionally intellegent individuals (Record no. 14338)
[ view plain ]
| 000 -LEADER | |
|---|---|
| fixed length control field | 00623nam a2200193Ia 4500 |
| 082 ## - DEWEY DECIMAL CLASSIFICATION NUMBER | |
| Classification number | TA.0276 |
| 100 ## - MAIN ENTRY--AUTHOR NAME | |
| Personal name | Anand, Tulika |
| 245 #0 - TITLE STATEMENT | |
| Title | Functional hemisphere asymmetry, inter-hemispheric transfer of information in high and low emotionally intellegent individuals |
| 260 ## - PUBLICATION, DISTRIBUTION, ETC. (IMPRINT) | |
| Year of publication | 2005 |
| Name of publisher | D.D.U. Gorakhpur University, Gorakhpur |
| 300 ## - PHYSICAL DESCRIPTION | |
| Number of Pages | 238 |
| 504 ## - BIBLIOGRAPHY, ETC. NOTE | |
| Bibliography, etc | includes bibliography |
| 650 ## - SUBJECT ADDED ENTRY--TOPICAL TERM | |
| Topical Term | Emotional intelligence |
| 650 ## - SUBJECT ADDED ENTRY--TOPICAL TERM | |
| Topical Term | Adlerian psychology |
| 650 ## - SUBJECT ADDED ENTRY--TOPICAL TERM | |
| Topical Term | Psychological tests |
| 650 ## - SUBJECT ADDED ENTRY--TOPICAL TERM | |
| Topical Term | Laterality |
| 650 ## - SUBJECT ADDED ENTRY--TOPICAL TERM | |
| Topical Term | Information science |
| Form subdivision | Psychological aspects |
| 710 ## - ADDED ENTRY--CORPORATE NAME | |
| Corporate name or jurisdiction name as entry element | Pandey, Rakesh |
| 942 ## - ADDED ENTRY ELEMENTS (KOHA) | |
| Koha item type | Thesis |
| Source of classification or shelving scheme | Dewey Decimal Classification |
| Withdrawn status | Lost status | Damaged status | Not for loan | Home library | Current library | Date acquired | Bill Date | Full call number | Accession Number | Price effective from | Koha item type |
|---|---|---|---|---|---|---|---|---|---|---|---|
| NASSDOC Library | NASSDOC Library | 31/12/1899 | 2007-06-07 | TA.0276 | 43600 | 18/04/2019 | Thesis |
